| 000 | 02501cam a22004098a 4500 | ||
|---|---|---|---|
| 001 | 17679770 | ||
| 005 | 20150122161948.0 | ||
| 008 | 130328s2014 enk b 001 0 eng | ||
| 010 | _a 2013012753 | ||
| 020 | _a9781118306659 (pbk. : alk. paper) | ||
| 020 | _a9781118307694 (Mobi) | ||
| 020 | _a9781118307700 (ePub) | ||
| 020 | _a9781118307717 (ePDF) | ||
| 020 | _a9781118673836 (CourseSmart) | ||
| 020 | _a9781118673881 (Wiley etext) | ||
| 035 | _a(DNLM)101605041 | ||
| 040 |
_aDNLM/DLC _cDLC |
||
| 042 | _apcc | ||
| 050 | 0 | 0 |
_aRA 761 _b.W534 2013 |
| 060 | 1 | 0 | _aWX 167 |
| 082 | 0 | 0 | _a362.196/9 |
| 100 | 1 | _aWeston, Debbie. | |
| 245 | 1 | 0 |
_aFundamentals of infection prevention and control : _btheory and practice / _cDebbie Weston. |
| 250 | _a2nd ed. | ||
| 260 |
_aChichester, West Sussex : _bJohn Wiley & Sons, _c2014. |
||
| 263 | _a1308 | ||
| 300 |
_a385 pages : _ccolored illustrations ; _b25 cm. |
||
| 500 | _aRev. ed. of: Infection prevention and control / Debbie Weston. c2008. | ||
| 504 | _aIncludes bibliographical references and index. | ||
| 505 | 0 | _aThe burden of healthcare associated infections, old and new disease threats, and the prevention and control of infection in different health settings -- The role of the infection prevention and control team -- Audit and surveillance -- The investigation of clusters, periods of increased incidence and outbreaks -- Microbial classification and structure -- The collection and transportation of specimens -- The microbiology laboratory -- Understanding the immune system and the nature and pathogenesis of infection -- Sepsis -- Antibiotics and the problem of resistance -- Isolation and cohort nursing -- Hand hygiene -- Personal protective equipment (PPE) -- The safe use and disposal of sharps -- Cleaning -- The management of invasive devices, including the prevention of blood-stream infections -- The prevention and management of catheter-associated urinary tract infections -- The prevention and management of surgical site infections -- The prevention and management of hospital and community -acquired pneumonia -- Staphylococcus aureus (including MRSA) -- Tuberculosis -- Clostridium difficile -- Norovirus -- Blood borne viruses. | |
| 650 | 1 | 2 |
_aCross Infection _xprevention & control. |
| 650 | 1 | 2 | _aHospitals. |
| 650 | 2 | 2 |
_aInfection Control _xmethods. |
| 700 | 1 |
_aWeston, Debbie. _tInfection prevention and control. |
|
| 906 |
_a7 _bcbc _corignew _d1 _eecip _f20 _gy-gencatlg |
||
| 942 |
_2lcc _cBK _kFOR |
||
| 999 |
_c277374 _d277374 |
||